[Event "Wch U18 blitz"]
[Site "Batumi"]
[Date "2023.06.11"]
[Round "10"]
[White "Vayanos, George Marwan"]
[Black "Badacsonyi, Frankie"]
[Result "1-0"]
[WhiteElo "1857"]
[BlackElo "1955"]
[PlyCount "47"]
[EventDate "2023.06.10"]
[EventType "swiss (blitz)"]
[EventRounds "11"]
[EventCountry "GEO"]
[SourceTitle "EXT 2024"]
[Source "ChessBase"]
[SourceDate "2023.10.10"]
[SourceVersion "1"]
[SourceVersionDate "2023.10.10"]
[SourceQuality "1"]
[WhiteTeam "Lebanon"]
[BlackTeam "England"]
[WhiteTeamCountry "LBN"]
[BlackTeamCountry "ENG"]

1. d4 Nf6 2. Nc3 d5 3. Bf4 c5 4. e4 Nxe4 5. Nxe4 dxe4 6. dxc5 Qa5+ 7. c3 Qxc5 8. Qa4+ Nc6 9. Qxe4 g6 10. Nf3 Bg7 11. Rd1 Bf5 12. Qe3 Qa5 13. Bc4 0-0 14. 0-0 Rfd8 15. Bb3 Rxd1 16. Rxd1 Rd8 17. Rxd8+ Qxd8 18. Ng5 e6 19. h3 Bd3 20. Nxf7 Qf6 21. Bxe6 Bf5 22. Bd5 Ne7 23. Bb3 h5 24. Bg5 1-0

[Event "Wch U18 blitz"]
[Site "Batumi"]
[Date "2023.06.10"]
[Round "2"]
[White "Tangatov, Nurdaulet"]
[Black "Vayanos, George Marwan"]
[Result "1-0"]
[WhiteElo "1805"]
[BlackElo "1857"]
[PlyCount "79"]
[EventDate "2023.06.10"]
[EventType "swiss (blitz)"]
[EventRounds "11"]
[EventCountry "GEO"]
[SourceTitle "EXT 2024"]
[Source "ChessBase"]
[SourceDate "2023.10.10"]
[SourceVersion "1"]
[SourceVersionDate "2023.10.10"]
[SourceQuality "1"]
[WhiteTeam "Kazakhstan"]
[BlackTeam "Lebanon"]
[WhiteTeamCountry "KAZ"]
[BlackTeamCountry "LBN"]

1. Nf3 Nf6 2. b3 g6 3. Bb2 Bg7 4. c4 0-0 5. g3 d6 6. d4 Ne4 7. Bg2 c5 8. Nc3 Nxc3 9. Bxc3 Nc6 10. 0-0 Bg4 11. e3 e5 12. d5 Ne7 13. Qc2 Bf5 14. e4 Bd7 15. a4 a5 16. Rfe1 b6 17. Nd2 f5 18. exf5 Nxf5 19. Ne4 Qc7 20. Ng5 Kh8 21. Ne6 Bxe6 22. dxe6 Rae8 23. Bd5 Bf6 24. Rad1 Ng7 25. Qe4 Nxe6 26. h4 Ng7 27. Rd3 Re7 28. Kg2 Nf5 29. h5 Kg7 30. Rh1 Rh8 31. Rf3 Qd7 32. Bd2 Qc7 33. Kf1 Qd7 34. Ke1 Nd4 35. h6+ Kf8 36. Rxf6+ Ke8 37. Bg5 Kd8 38. Qd3 Qg4 39. Rxd6+ Kc7 40. Bxe7 1-0

[Event "Wch U18 blitz"]
[Site "Batumi"]
[Date "2023.06.10"]
[Round "5"]
[White "Vayanos, George Marwan"]
[Black "Gongliashvili, Zurab"]
[Result "0-1"]
[WhiteElo "1857"]
[BlackElo "1795"]
[PlyCount "80"]
[EventDate "2023.06.10"]
[EventType "swiss (blitz)"]
[EventRounds "11"]
[EventCountry "GEO"]
[SourceTitle "EXT 2024"]
[Source "ChessBase"]
[SourceDate "2023.10.10"]
[SourceVersion "1"]
[SourceVersionDate "2023.10.10"]
[SourceQuality "1"]
[WhiteTeam "Lebanon"]
[BlackTeam "Georgia"]
[WhiteTeamCountry "LBN"]
[BlackTeamCountry "GEO"]

1. d4 Nf6 2. Nc3 d5 3. Bf4 c6 4. e3 Bg4 5. f3 Bh5 6. g4 Bg6 7. h4 h6 8. Bd3 Bxd3 9. Qxd3 e6 10. Nge2 Bd6 11. 0-0-0 Bxf4 12. Nxf4 Nbd7 13. g5 Ng8 14. g6 Qf6 15. gxf7+ Qxf7 16. Ng6 Rh7 17. Ne5 Qf5 18. e4 Qf4+ 19. Kb1 Nxe5 20. dxe5 Rh8 21. exd5 0-0-0 22. d6 Qxe5 23. Rhe1 Qf5 24. d7+ Kb8 25. Qd6+ Ka8 26. Rxe6 Nf6 27. Re7 Rhg8 28. a3 Qxf3 29. Re8 Nxe8 30. dxe8Q Rdxe8 31. Qc7 Rb8 32. Rd7 Qf6 33. Na4 Qf1+ 34. Ka2 Qc4+ 35. b3 Qxc2+ 36. Nb2 g5 37. Rg7 Rxg7 38. Qxg7 gxh4 39. Qg4 Qf2 40. a4 Qg3 0-1

[Event "Wch U18 rapid"]
[Site "Batumi"]
[Date "2023.06.06"]
[Round "1"]
[White "Rostomyan, Mikayel"]
[Black "Vayanos, George Marwan"]
[Result "1-0"]
[WhiteElo "2222"]
[BlackElo "1857"]
[PlyCount "102"]
[EventDate "2023.06.06"]
[EventType "swiss (rapid)"]
[EventRounds "11"]
[EventCountry "GEO"]
[SourceTitle "CBM 214 Extra"]
[Source "ChessBase"]
[SourceDate "2023.07.31"]
[SourceVersion "1"]
[SourceVersionDate "2023.07.31"]
[SourceQuality "1"]

1. d4 Nf6 2. Nf3 g6 3. b3 Bg7 4. Bb2 0-0 5. e3 a5 6. a3 d5 7. Be2 Bf5 8. 0-0 Ne4 9. c4 e6 10. Nc3 g5 11. Nxe4 Bxe4 12. Nd2 Bg6 13. Bf3 c6 14. Re1 f5 15. g3 Nd7 16. Bg2 Nf6 17. Qe2 Re8 18. f3 Qd7 19. e4 dxe4 20. fxe4 fxe4 21. c5 Nh5 22. Nxe4 Bxd4+ 23. Kh1 Bxe4 24. Bxe4 Nf6 25. Rad1 e5 26. Qc4+ Qf7 27. Qxf7+ Kxf7 28. Bxd4 exd4 29. Rxd4 Rad8 30. Rxd8 Rxd8 31. Bf5 Rd2 32. Kg1 Ra2 33. a4 Rd2 34. Re3 Nd5 35. Rf3 Kg7 36. Be6 Nf6 37. Bc8 Rd1+ 38. Kg2 Rd2+ 39. Kg1 Rd1+ 40. Rf1 Rxf1+ 41. Kxf1 Ne4 42. Bxb7 Nxc5 43. Bxc6 Nxb3 44. Kf2 Kf6 45. Ke3 Ke5 46. Kd3 Kd6 47. Be8 Kc5 48. Ke4 Nd4 49. h4 gxh4 50. gxh4 Kc4 51. h5 Ne6 1-0

[Event "Wch U18 rapid"]
[Site "Batumi"]
[Date "2023.06.06"]
[Round "2"]
[White "Vayanos, George Marwan"]
[Black "Badacsonyi, Frankie"]
[Result "0-1"]
[WhiteElo "1857"]
[BlackElo "1966"]
[PlyCount "27"]
[EventDate "2023.06.06"]
[EventType "swiss (rapid)"]
[EventRounds "11"]
[EventCountry "GEO"]
[SourceTitle "CBM 214 Extra"]
[Source "ChessBase"]
[SourceDate "2023.07.31"]
[SourceVersion "1"]
[SourceVersionDate "2023.07.31"]
[SourceQuality "1"]

1. e4 c6 2. d4 d5 3. Nc3 dxe4 4. Nxe4 Nf6 5. Nxf6+ exf6 6. c3 Bd6 7. Bd3 0-0 8. Qc2 Re8+ 9. Ne2 Nd7 10. Be3 Nf8 11. 0-0-0 Be6 12. Kb1 b5 13. h3 Rc8 14. Be4 0-1